Can You Name My Top 15 Most Handsome Korean Idols? Quiz Stats

 Plays Quiz not verified by Sporcle

Challenge
Share
Tweet
Score 0/16 Timer 10:00
0 Plays Today
% Correct
TOP
95.2%
GD
93.2%
K.O
86.5%
Taemin
85.3%
Jeonghan
80.6%
Bobby
71.8%
Zico
69.1%
Taehyun
66.1%
% Correct
Donghae
63.7%
Johnny
60.3%
Junhoe
52.6%
Jaehyun
43.3%
Hansol
37.1%
Seo Kang Joon
28.9%
Kang Ha Neul
20.5%
Lee Jonghyun
15.8%

You're not logged in!

Compare scores with friends on all Sporcle quizzes.
Join for Free
OR
Log In

You Might Also Like...

Show Comments

Extras

Created Apr 11, 2017ReportNominate
Tags:Kpop Quiz, kpop idol, Kpop Quiz

Top Quizzes Today


Score Distribution

Your Account Isn't Verified!

In order to create a playlist on Sporcle, you need to verify the email address you used during registration. Go to your Sporcle Settings to finish the process.

Report this User

Report this user for behavior that violates our Community Guidelines.

Details: